01335nam a22001697a 4500999001900000008004100019100002500060245008200085260004500167300003000212520066600242650006000908773004300968906004201011942000701053952010501060 c518519d518519210928b ||||| |||| 00| 0 eng d aChen, Martha 929587 aCOVID-19, cities and urban informal workers: India in comparative perspective aThe Indian Journal of Labour Economics  a63(1), Oct, 2020: p.41-46 aInformal workers represent 61% of all workers globally—a total of 2 billion workers worldwide (ILO 2018). Of these, an estimated 1.6 billion—80%—could see their livelihoods destroyed due to the lockdowns and related shelter-at-home restrictions in response to COVID-19 (ILO 2020). Since long before the COVID-19 virus hit, informal workers have been struggling for justice, equality and dignity as workers and as human beings in large part because they are widely stigmatized by economists and policy makers as illegal and non-productive, while most are trying to earn an honest living under a very harsh policy and regulatory environment. – Reproduced  aCOVID-19, Cities, Urban informal workers, Labour929588 aThe Indian Journal of Labour Economics aCOVID-19 (DISEASE) - ECONOMIC ASPECTS cAR 00102ddc40709392588aIIPAbIIPAd2021-09-28h63(1), Oct, 2020: p.41-46pAR125652r2021-09-28yAR